000
00344nam a2200145Ia 4500
008
150301s2015 xx 000 0 und d
082
_a
612
_b
C11G
100
_a
GOLDBERG, STEFOHEN
245
_a
CLINICAL PHYSIOLOGY MEDE RIDICULOVSLY SIPLE
250
_a
2ND
260
_b
JAYPEE
300
_a
153
650
_a
PHARMACEUTICS
942
_2
ddc
_c
BK
999
_c
7370
_d
7370